Las interpretaciones del desarrollo en América Latina /
שמור ב:
| מחבר ראשי: | |
|---|---|
| פורמט: | Texto |
| נושאים: | |
| תגים: |
הוספת תג
אין תגיות, היה/י הראשונ/ה לתייג את הרשומה!
|
MARC
| LEADER | 00000 a a2200000 04500 | ||
|---|---|---|---|
| 001 | 42120 | ||
| 003 | |||
| 040 | |||
| 100 | |a Ramírez López, Berenice P | ||
| 245 | |a Las interpretaciones del desarrollo en América Latina / |c Berenice P. Ramírez López | ||
| 650 | |a DESARROLLO ECONOMICO | ||
| 650 | |a AMERICA LATINA | ||
| 650 | |a TASA DE CRECIMIENTO | ||
| 650 | |a SUBDESARROLLO | ||
| 773 | |g volumen21, número82 ( , 1990), Páginas 11-33 | ||
| 999 | |c 39123 |d 39123 | ||
